[Event "GER-ch U14"]
[Site "Willingen"]
[Date "2024.05.19"]
[Round "2"]
[White "Nguyen, Thanh An"]
[Black "Burkart, Lloyd Shang"]
[Result "1/2-1/2"]
[WhiteElo "1793"]
[BlackElo "2168"]
[PlyCount "41"]
[EventDate "2024.05.19"]
[EventType "swiss"]
[EventRounds "9"]
[EventCountry "GER"]
[SourceTitle "CBM 220 Extra"]
[Source "ChessBase"]
[SourceDate "2024.07.31"]
[SourceVersion "1"]
[SourceVersionDate "2024.07.31"]
[SourceQuality "1"]

1. e4 c5 2. Nf3 e6 3. d4 cxd4 4. Nxd4 Nf6 5. Nc3 d6 6. Be3 a6 7. a3 b5 8. g3 Bb7 9. Bg2 Be7 10. 0-0 Qc7 11. Qd2 0-0 12. f4 Nbd7 13. Nb3 Nc5 14. Nxc5 dxc5 15. e5 Rfd8 16. Qe2 Bxg2 17. Kxg2 Nd5 18. Bd2 Nxc3 19. Bxc3 Qc6+ 20. Qf3 Qxf3+ 21. Kxf3 1/2-1/2